000
00222 a2200097 4500
001
14651
100
_a
Rahim M.A
245
_a
History of the afghan in India
260
_a
Karachi
_b
Pak pub house
_c
090
_c
11437
_d
11437
942
_a
NUST-CAE
_c
M
_c
1600
999
_c
249724
_d
249724